Top 100 US Baby Girls' Names of the 1920s - Statistics

General Stats
  • This quiz has been taken 4,352 times
  • The average score is 45 of 100
Answer Stats
Hint Answer % Correct
14 Marie
95%
1 Mary
95%
11 Elizabeth
93%
51 Ann
91%
4 Betty
84%
13 Anna
83%
27 Catherine
81%
63 Katherine
81%
81 Anne
79%
56 Jane
79%
5 Margaret
79%
16 Jean
77%
58 Sarah
77%
32 Annie
74%
24 Rose
72%
60 Joan
71%
83 Kathryn
71%
59 Emma
70%
3 Helen
69%
89 Bessie
67%
78 Charlotte
64%
2 Dorothy
64%
77 Laura
64%
15 Alice
62%
10 Frances
62%
30 Patricia
62%
43 Grace
61%
6 Ruth
61%
18 Barbara
60%
95 Ella
59%
100 Ellen
59%
66 Julia
59%
96 Lillie
55%
26 Louise
54%
12 Evelyn
53%
39 Edith
52%
62 Nancy
52%
29 Eleanor
51%
23 Martha
51%
8 Doris
49%
71 Eva
49%
21 Florence
47%
55 Clara
44%
52 Esther
43%
33 Josephine
43%
17 Shirley
43%
93 Violet
43%
41 Ethel
41%
19 Irene
41%
45 June
41%
85 Kathleen
40%
35 Edna
39%
69 Marian
39%
47 Marion
39%
28 Ruby
38%
7 Virginia
37%
53 Beatrice
35%
31 Gladys
34%
61 Joyce
34%
65 Elsie
33%
25 Lilian
33%
37 Pauline
33%
74 Theresa
33%
67 Agnes
32%
73 Audrey
32%
70 Bertha
32%
64 Gertrude
32%
22 Lois
32%
88 Vera
32%
75 Vivian
32%
82 Marilyn
31%
9 Mildred
31%
48 Dolores
30%
38 Lucille
30%
99 Eileen
29%
40 Gloria
29%
79 Ida
29%
49 Rita
29%
36 Norma
27%
42 Phyllis
27%
80 Elaine
26%
20 Marjorie
26%
44 Hazel
25%
97 Jessie
24%
98 Jeanne
23%
94 Nellie
23%
76 Wanda
22%
68 Wilma
21%
57 Geraldine
18%
87 Pearl
18%
34 Thelma
18%
91 Alma
17%
92 Beverly
17%
46 Bernice
16%
86 Viola
16%
50 Lorraine
15%
90 Myrtle
12%
54 Juanita
8%
84 Maxine
7%
72 Willie
7%
No matching quizzes found
Score Distribution
Percent of People with Each Score
Percentile by Number Answered
Your Score History
You have not taken this quiz